[Event "European Hybrid Qual 2021"]
[Site "Tornelo INT"]
[Date "2021.05.25"]
[Round "1.2"]
[White "Can, Isik"]
[Black "Lomasov, Semyon"]
[Result "1/2-1/2"]
[WhiteTitle "IM"]
[BlackTitle "IM"]
[WhiteElo "2394"]
[BlackElo "2525"]
[WhiteFideId "6383742"]
[BlackFideId "24164879"]
[EventDate "2021.05.24"]
[EventType "k.o."]

1. e4 e5 2. Nf3 Nc6 3. Bb5 a6 4. Ba4 Nf6 5. O-O Be7 6. Re1 b5 7. Bb3 O-O 8. h3
Bb7 9. d3 d5 10. exd5 Nxd5 11. Nxe5 Nxe5 12. Rxe5 Qd6 13. Re1 Rae8 14. Nd2 c5
15. Ne4 Qc6 16. c4 Nb6 17. f3 Bh4 18. Rf1 Qc7 19. Qc2 f5 20. Nc3 b4 21. Nd5 Nxd5
22. cxd5 Qg3 23. d6+ Kh8 24. d7 Re1 25. Qd2 Rxf1+ 26. Kxf1 Qh2 1/2-1/2

[Event "European Hybrid Qual 2021"]
[Site "Tornelo INT"]
[Date "2021.05.24"]
[Round "1.1"]
[White "Demchenko, Anton"]
[Black "Olsen, Filip Boe"]
[Result "1/2-1/2"]
[WhiteTitle "GM"]
[BlackTitle "IM"]
[WhiteElo "2599"]
[BlackElo "2398"]
[WhiteFideId "4160258"]
[BlackFideId "1440640"]
[EventDate "2021.05.24"]
[EventType "k.o."]

1. e4 c6 2. Nf3 d5 3. d3 dxe4 4. dxe4 Qxd1+ 5. Kxd1 Nf6 6. Nbd2 Nbd7 7. Bc4 g6
8. a4 a5 9. h3 Bh6 10. Re1 Nc5 11. b3 O-O 12. Ba3 Nfd7 13. c3 Re8 14. Kc2 Rb8
15. Bf1 Bf4 16. e5 b5 17. Ne4 Ne6 18. axb5 cxb5 19. Bc1 Bxc1 20. Kxc1 b4 21.
Rxa5 bxc3 22. Kc2 Bb7 23. Bc4 Nf4 24. g3 Ne6 25. Neg5 Nb6 26. Kxc3 Rec8 27. Nxe6
Bxf3 28. Nc5 Bd5 29. Rea1 Kg7 30. f4 Rc6 31. Rb5 Rbc8 32. Kb4 Nxc4 33. bxc4 Bg2
34. h4 Bf3 35. Ra7 e6 36. Ra3 Be2 37. Re3 Bf1 38. Rf3 Be2 39. Rf2 Bd1 40. Rd2
Bg4 41. Rd4 Be2 42. Rd6 R6c7 43. Rd2 Bf1 44. Rd1 Be2 45. Re1 Bf3 46. Re3 Bg4 47.
Rd3 Be2 48. Rd2 Bf1 49. g4 Ra7 50. Rc2 Rac7 51. g5 h5 52. Rf2 Bh3 53. Rd2 Bf1
54. Rd1 Be2 55. Re1 Bf3 56. Rc1 Be2 57. Rc2 Bf1 58. Rd2 Kg8 59. Rd6 Be2 60. Rdb6
Bf3 61. Rd6 Be2 62. Rd2 Bf1 63. Ra2 Bh3 64. Rf2 Bg4 65. Rc2 Bd1 66. Rd2 Bf3 67.
Rd7 Rc6 68. Ra7 Be2 69. Ra2 Bf1 70. Ra1 Be2 71. Raa5 R6c7 72. Rb6 Bf1 73. Rab5
Bg2 74. Ra6 Bf1 75. Rba5 Rb8+ 76. Rb5 Rbc8 77. Ra2 Rc6 78. Rf2 Bh3 79. Rf3 Bg2
80. Rc3 Bf1 81. Nd7 Rxc4+ 82. Rxc4 Rxc4+ 83. Ka5 Rc8 84. Rb7 Bg2 85. Nf6+ Kf8
86. Rd7 Bc6 87. Rd4 Ke7 88. Kb4 Be8 89. Rd2 Rb8+ 90. Kc5 Rb5+ 91. Kc4 Rb8 92.
Ra2 Bc6 93. Ra7+ Kf8 94. Rc7 Be8 95. Kc3 Rd8 96. Rc4 Bb5 97. Rb4 Bc6 98. Rb6 Bf3
99. Ra6 Bb7 100. Ra7 Bf3 101. Rc7 Bg2 102. Nd7+ Kg8 103. Kc4 Bf3 104. Kc5 Bd1
105. Ra7 Be2 106. Kc6 Rc8+ 107. Kd6 Bb5 108. Nf6+ Kf8 109. Rc7 Rxc7 110. Kxc7
Ke7 111. Ne4 Ba4 112. Nd6 Be8 113. Nc8+ Kf8 114. Kd8 Ba4 115. Nb6 Bb5 116. Na8
Ba4 117. Nc7 Bc6 118. Na6 Bb5 119. Nc5 Bc6 120. Kc7 Bb5 121. Kd6 Ke8 122. Ne4
Kf8 123. Nc3 Be8 124. Nb1 Bb5 125. Nd2 Ba4 126. Ne4 Bb5 127. Kc7 Ke7 128. Nd6
Ba4 129. Nc8+ Ke8 130. Nb6 Bb5 131. Kd6 Kf8 132. Kc5 Be8 133. Nc4 Ke7 134. Nb2
Bd7 135. Nd3 Ba4 136. Kb6 Bd7 137. Nc5 Be8 138. Ne4 Ba4 139. Kc7 Be8 140. Nd6
Ba4 141. Nc8+ Ke8 142. Kd6 Bb5 143. Nb6 Kf8 144. Kc5 Be8 145. Kd6 Bb5 1/2-1/2

[Event "European Hybrid Qual 2021"]
[Site "Tornelo INT"]
[Date "2021.05.25"]
[Round "1.2"]
[White "Olsen, Filip Boe"]
[Black "Demchenko, Anton"]
[Result "1/2-1/2"]
[WhiteTitle "IM"]
[BlackTitle "GM"]
[WhiteElo "2398"]
[BlackElo "2599"]
[WhiteFideId "1440640"]
[BlackFideId "4160258"]
[EventDate "2021.05.24"]
[EventType "k.o."]

1. d4 Nf6 2. c4 g6 3. Nc3 Bg7 4. e4 d6 5. Nf3 O-O 6. h3 Nbd7 7. Bg5 e5 8. d5 a5
9. Be2 Nc5 10. Nd2 Bd7 11. g4 a4 12. b4 axb3 13. axb3 Na6 14. Na2 c5 15. O-O h6
16. Be3 h5 17. Kg2 Qc8 18. f3 Nh7 19. Kh2 h4 20. b4 cxb4 21. Qb1 Qc7 22. Nxb4
Nc5 23. Nd3 b6 24. Qb2 Rab8 25. Nb4 Qc8 26. Ra7 Bf6 27. Rfa1 Bg5 28. Qc3 Qd8 29.
Na6 Bxe3 30. Qxe3 Rb7 31. Nxc5 Rxa7 32. Rxa7 bxc5 33. f4 exf4 34. Qxf4 Qe7 35.
Bd1 Rb8 36. Ba4 Rb2 37. Rxd7 Qf6 38. Qe3 Qg5 39. Qxg5 Nxg5 40. Rxd6 Rxd2+ 41.
Kg1 Nxe4 42. Rd8+ Kg7 43. Bc6 f5 44. gxf5 gxf5 45. Re8 Ng5 46. Kf1 Nxh3 47. Bd7
Rd4 48. Bxf5 Ng5 49. d6 Rxd6 50. Re5 Rc6 51. Bd7 Nf7 52. Rh5 Rd6 53. Bh3 Rd1+
54. Ke2 Rh1 55. Rxh4 Ng5 56. Rg4 Kf6 57. Bg2 Rg1 58. Bf3 Nxf3 59. Rf4+ Ke5 60.
Rxf3 Kd4 61. Kd2 Rg2+ 62. Kc1 Kxc4 63. Rh3 Kb4 64. Rf3 Re2 65. Rh3 Rf2 66. Rg3
Rh2 67. Rf3 c4 68. Rg3 Rf2 69. Rh3 Rg2 70. Rf3 Rh2 71. Rg3 Rf2 72. Rh3 Rg2 73.
Rf3 Rh2 1/2-1/2

[Event "European Hybrid Qual 2021"]
[Site "Tornelo INT"]
[Date "2021.05.25"]
[Round "1.3"]
[White "Olsen, Filip Boe"]
[Black "Demchenko, Anton"]
[Result "1-0"]
[WhiteTitle "IM"]
[BlackTitle "GM"]
[WhiteElo "2398"]
[BlackElo "2599"]
[WhiteFideId "1440640"]
[BlackFideId "4160258"]
[EventDate "2021.05.24"]
[EventType "k.o."]

1. d4 Nf6 2. c4 g6 3. Nc3 Bg7 4. e4 d6 5. Nf3 O-O 6. h3 Nbd7 7. Bg5 e5 8. d5 a5
9. Be2 Nc5 10. Nd2 Bd7 11. g4 c6 12. Be3 a4 13. g5 Ne8 14. h4 cxd5 15. cxd5 Nc7
16. h5 b5 17. a3 Rb8 18. Kf1 N7a6 19. Rc1 Qe7 20. Kg2 b4 21. axb4 Nxb4 22. Nc4
Nb3 23. Rb1 Nd4 24. Bg4 Rfc8 25. Na3 Ndc2 26. Nxc2 Nxc2 27. Bd2 Nd4 28. Be3 Rc4
29. Bxd7 Qxd7 30. Kg3 Qc8 31. Nxa4 Rcb4 32. Bd2 Rb3+ 33. Nc3 Rxb2 34. Rxb2 Rxb2
35. Ne2 Qc4 36. Nxd4 exd4 37. Bf4 d3 38. Qf3 Bd4 39. Be3 Be5+ 40. Kg2 Rb4 41.
Rc1 Qa6 42. Rc7 f6 43. gxf6 Rb8 44. f7+ Kh8 45. Bh6 1-0

[Event "European Hybrid Qual 2021"]
[Site "Tornelo INT"]
[Date "2021.05.25"]
[Round "1.4"]
[White "Demchenko, Anton"]
[Black "Olsen, Filip Boe"]
[Result "1-0"]
[WhiteTitle "GM"]
[BlackTitle "IM"]
[WhiteElo "2599"]
[BlackElo "2398"]
[WhiteFideId "4160258"]
[BlackFideId "1440640"]
[EventDate "2021.05.24"]
[EventType "k.o."]

1. e4 c6 2. d4 d5 3. e5 Bf5 4. h4 h6 5. Bd3 Bxd3 6. Qxd3 e6 7. Nf3 c5 8. c3 Nc6
9. h5 Rc8 10. dxc5 Bxc5 11. O-O Nge7 12. Nbd2 Nf5 13. Nb3 Bb6 14. Bf4 O-O 15. g3
Qe7 16. a3 Rfd8 17. Rfe1 Na5 18. Nxa5 Bxa5 19. g4 Rc4 20. gxf5 Rxf4 21. f6 gxf6
22. Nd4 Bc7 23. Qg3+ Kh8 24. Qxf4 Rg8+ 25. Kf1 Rg5 26. Qxf6+ Qxf6 27. exf6 1-0

[Event "European Hybrid Qual 2021"]
[Site "Tornelo INT"]
[Date "2021.05.25"]
[Round "1.5"]
[White "Demchenko, Anton"]
[Black "Olsen, Filip Boe"]
[Result "1-0"]
[WhiteTitle "GM"]
[BlackTitle "IM"]
[WhiteElo "2599"]
[BlackElo "2398"]
[WhiteFideId "4160258"]
[BlackFideId "1440640"]
[EventDate "2021.05.24"]
[EventType "k.o."]

1. e4 c6 2. d4 d5 3. e5 Bf5 4. h4 h6 5. Bd3 Bxd3 6. Qxd3 e6 7. h5 c5 8. c3 Nc6
9. Ne2 Nge7 10. a3 Rc8 11. Nd2 cxd4 12. cxd4 Qb6 13. b4 a6 14. O-O Nf5 15. Nf3
Be7 16. Rd1 O-O 17. g3 Qb5 18. Qxb5 axb5 19. Bb2 Na7 20. Nc3 Rc4 21. Rd3 Rfc8
22. Rad1 Bd8 23. Kf1 Bb6 24. g4 Ne7 25. Ne2 Rc2 26. Bc3 Ra2 27. Be1 Rcc2 28. Nc3
Rxa3 29. Nxd5 Rxd3 30. Nxe7+ Kf8 31. Rxd3 Kxe7 32. d5 exd5 33. Rxd5 Rc4 34. g5
hxg5 35. Nxg5 Rg4 36. Bd2 Rh4 37. f4 Rxh5 38. Ne4 Rh1+ 39. Ke2 Rh2+ 40. Kd3 Rh3+
41. Kc2 Nc6 42. Bc3 Rf3 43. Rxb5 Bd4 44. Rxb7+ Ke6 45. Ng5+ Kd5 46. Nxf3 Bxc3
47. Kxc3 Ke4 48. Rc7 Nd8 49. Nd4 Kxf4 50. Rd7 Ne6 51. Rxf7+ Kxe5 52. Re7 Kd5 53.
Rxe6 g5 54. Rg6 g4 55. Rxg4 Kd6 56. Kc4 Kc7 57. Rg5 Kd6 58. Rc5 Kd7 59. b5 Kd6
60. b6 Kd7 61. b7 Kd6 62. b8=Q+ Kd7 63. Qb7+ Ke8 64. Rc8# 1-0

[Event "European Hybrid Qual 2021"]
[Site "Tornelo INT"]
[Date "2021.05.24"]
[Round "1.1"]
[White "Acs, Peter"]
[Black "Gavrilescu, David"]
[Result "1/2-1/2"]
[WhiteTitle "GM"]
[BlackTitle "IM"]
[WhiteElo "2565"]
[BlackElo "2470"]
[WhiteFideId "708020"]
[BlackFideId "1227190"]
[EventDate "2021.05.24"]
[EventType "k.o."]

1. e4 e6 2. d4 d5 3. e5 c5 4. c3 Nc6 5. Nf3 Qb6 6. Bd3 cxd4 7. O-O Bd7 8. Re1
Nge7 9. Nbd2 Nf5 10. Nb3 dxc3 11. bxc3 Be7 12. Rb1 Qd8 13. Nbd4 Ncxd4 14. Nxd4
Nxd4 15. cxd4 Rb8 16. Qg4 g6 17. Bh6 Bf8 18. Qf4 Bxh6 19. Qxh6 Qe7 20. Qg7 Qf8
21. Qf6 Rg8 22. Rec1 Qa3 23. Qf3 Qa5 24. Rc5 Qd8 25. Rbc1 Bc6 26. Bb5 Bxb5 27.
Rxb5 Rc8 28. Rxc8 Qxc8 29. Rc5 Qd7 30. h4 b6 31. Rc2 Kf8 32. g3 Qd8 33. Qa3+ Kg7
34. Qxa7 Qb8 35. Qd7 Rd8 36. Qc6 Qa7 37. Kg2 h5 38. Qb5 Ra8 39. Qb4 Qa4 40. Qxa4
Rxa4 41. Rd2 Kf8 42. Kf3 Ra3+ 43. Ke2 Ke7 44. Rb2 Kd7 45. Rxb6 Rxa2+ 46. Ke3
Ra3+ 47. Ke2 Ra2+ 48. Ke3 Ra3+ 49. Ke2 Ra2+ 1/2-1/2

[Event "European Hybrid Qual 2021"]
[Site "Tornelo INT"]
[Date "2021.05.25"]
[Round "1.2"]
[White "Gavrilescu, David"]
[Black "Acs, Peter"]
[Result "1/2-1/2"]
[WhiteTitle "IM"]
[BlackTitle "GM"]
[WhiteElo "2470"]
[BlackElo "2565"]
[WhiteFideId "1227190"]
[BlackFideId "708020"]
[EventDate "2021.05.24"]
[EventType "k.o."]

1. e4 c5 2. Nf3 d6 3. Bb5+ Nd7 4. c3 Nf6 5. Bd3 g6 6. Bc2 Bg7 7. d4 O-O 8. a4
cxd4 9. cxd4 e5 10. Nc3 exd4 11. Nxd4 d5 12. exd5 Nb6 13. O-O Nbxd5 14. Nxd5
Qxd5 15. Bb3 Qc5 16. h3 a6 17. Ba2 Bd7 18. Be3 Qb4 19. Bb3 Rac8 20. Qf3 Bc6 21.
Nxc6 bxc6 22. Ra3 c5 23. Bc1 c4 24. Bc2 Nd7 25. b3 c3 26. Ra1 Ne5 27. Qe2 Qb7
28. Ba3 Rfe8 29. Rfe1 Re6 30. Qe4 Qc7 31. Qh4 Rd8 32. Re3 Rd2 33. Rc1 Nc6 34.
Qc4 Qd7 35. Rxe6 Qxe6 36. Bd3 Qxc4 37. Bxc4 Na5 38. Bb4 Nxc4 39. bxc4 Rd4 40.
Bxc3 Rxc4 41. Bd2 Rxc1+ 42. Bxc1 f5 43. Kf1 Kf7 44. Ke2 Ke6 45. Kd3 Kd5 46. Be3
h5 47. f3 Bf6 48. g4 fxg4 49. fxg4 hxg4 50. hxg4 Be5 51. Bf2 Bf4 52. Bd4 Bd6 53.
Bf2 Bf4 54. Bd4 Bd6 55. Bf2 Bf4 1/2-1/2

[Event "European Hybrid Qual 2021"]
[Site "Tornelo INT"]
[Date "2021.05.25"]
[Round "1.3"]
[White "Gavrilescu, David"]
[Black "Acs, Peter"]
[Result "1-0"]
[WhiteTitle "IM"]
[BlackTitle "GM"]
[WhiteElo "2470"]
[BlackElo "2565"]
[WhiteFideId "1227190"]
[BlackFideId "708020"]
[EventDate "2021.05.24"]
[EventType "k.o."]

1. e4 c5 2. Nf3 d6 3. d4 cxd4 4. Qxd4 Nf6 5. Bg5 Nc6 6. Bb5 Bd7 7. Bxc6 Bxc6 8.
Nc3 e6 9. O-O-O Be7 10. Rhe1 Qa5 11. Kb1 O-O 12. Qd2 Qb6 13. Nd4 Rfd8 14. f3 Be8
15. g4 Rac8 16. h4 a6 17. Nce2 Qc7 18. Ng3 b5 19. Rg1 Kf8 20. Nh5 Ng8 21. Rc1
Bxg5 22. hxg5 d5 23. Qb4+ Qe7 24. Qxe7+ Nxe7 25. e5 Rc4 26. Rcd1 Nc6 27. Nxc6
Bxc6 28. Ng3 d4 29. Rd3 Bd5 30. Ne2 Rc5 31. Nxd4 Rdc8 32. b3 b4 33. Kb2 a5 34.
a3 Bb7 35. Re1 Ba6 36. Rd2 Rd5 37. axb4 axb4 38. Ra1 Bb7 39. Ra7 Rc7 40. f4 Rcd7
41. c3 bxc3+ 42. Kxc3 Rc5+ 43. Kb2 Rcd5 44. Ra4 h6 45. gxh6 gxh6 46. Kc3 Rc5+
47. Rc4 Rcd5 48. b4 Ba6 49. Rc6 Bb5 50. Rc5 Ba6 51. Rxd5 Rxd5 52. Ra2 Bf1 53.
Ra5 Rd8 54. f5 exf5 55. gxf5 h5 56. Ra1 Bg2 57. Rg1 Be4 58. b5 Rd5 59. Rg5 h4
60. f6 h3 61. Rh5 Ke8 62. Kc4 Bg2 63. b6 1-0

[Event "European Hybrid Qual 2021"]
[Site "Tornelo INT"]
[Date "2021.05.25"]
[Round "1.4"]
[White "Acs, Peter"]
[Black "Gavrilescu, David"]
[Result "0-1"]
[WhiteTitle "GM"]
[BlackTitle "IM"]
[WhiteElo "2565"]
[BlackElo "2470"]
[WhiteFideId "708020"]
[BlackFideId "1227190"]
[EventDate "2021.05.24"]
[EventType "k.o."]

1. e4 e6 2. d4 d5 3. e5 c5 4. c3 Nc6 5. Nf3 Bd7 6. Bd3 cxd4 7. O-O dxc3 8. Nxc3
Nge7 9. Re1 Ng6 10. Nb5 Be7 11. h4 a6 12. Nd6+ Kf8 13. Bg5 f6 14. exf6 gxf6 15.
Bh6+ Kg8 16. Nf5 exf5 17. Bc4 Be6 18. Rxe6 dxc4 19. Qe2 Qd3 20. Rxe7 Qxe2 21.
Rxe2 Kf7 22. Rc1 b5 23. b3 Nge5 24. bxc4 Nxc4 25. h5 Rhe8 26. Rxe8 Rxe8 27. Nh4
Nd4 28. Rd1 Re4 29. g3 Nb2 30. Rb1 Nc4 31. f3 Re6 32. Rd1 Rd6 33. Kf2 Nb2 34.
Rd2 Nc4 35. Rd1 Nb2 36. Rb1 Nc4 37. Bf4 Rd5 38. Rd1 Nb2 39. Rd2 Nc4 40. Rd3 Nb2
41. Ra3 Na4 42. Re3 Ne6 43. Re2 Nb6 44. Be3 Nc4 45. g4 Nxe3 46. Rxe3 Rd2+ 47.
Ke1 Rxa2 48. Nxf5 b4 49. Rd3 Nf4 50. Rd7+ Ke6 51. Rxh7 Kd5 52. Rb7 Kc4 53. h6
Rh2 54. Ne3+ Kc5 55. Nf5 Kc4 0-1

[Event "European Hybrid Qual 2021"]
[Site "Tornelo INT"]
[Date "2021.05.24"]
[Round "1.1"]
[White "Halkias, Stelios"]
[Black "Kjartansson, Gudmundur"]
[Result "1-0"]
[WhiteTitle "GM"]
[BlackTitle "IM"]
[WhiteElo "2567"]
[BlackElo "2500"]
[WhiteFideId "4201809"]
[BlackFideId "2301318"]
[EventDate "2021.05.24"]
[EventType "k.o."]

1. Nf3 d5 2. d4 Nf6 3. c4 e6 4. g3 Bb4+ 5. Nc3 O-O 6. Bg2 dxc4 7. a3 Be7 8. Ne5
Nc6 9. Bxc6 bxc6 10. Nxc6 Qe8 11. Nxe7+ Qxe7 12. Qa4 c5 13. dxc5 Qxc5 14. Be3
Qc7 15. f3 e5 16. O-O-O Be6 17. Qa6 Rfb8 18. Rd2 Nd7 19. Rhd1 Nc5 20. Bxc5 Qxc5
21. Qd6 Qe3 22. f4 exf4 23. gxf4 h6 24. Qd4 Qxd4 25. Rxd4 f5 26. h4 Kf7 27. Rd6
Rb7 28. Ra6 Re8 29. Ra5 Kg6 30. Re5 Kh5 31. e4 Kxh4 32. exf5 Bf7 33. Ne4 Rf8 34.
Rg1 Bg8 35. Nc5 Rc7 36. Re2 Kh3 37. Ne4 Bd5 38. Rg3+ Kh4 39. Rh2# 1-0

[Event "European Hybrid Qual 2021"]
[Site "Tornelo INT"]
[Date "2021.05.25"]
[Round "1.2"]
[White "Kjartansson, Gudmundur"]
[Black "Halkias, Stelios"]
[Result "0-1"]
[WhiteTitle "IM"]
[BlackTitle "GM"]
[WhiteElo "2500"]
[BlackElo "2567"]
[WhiteFideId "2301318"]
[BlackFideId "4201809"]
[EventDate "2021.05.24"]
[EventType "k.o."]

1. c4 e6 2. Nc3 d5 3. d4 Be7 4. Bf4 Nf6 5. e3 O-O 6. a3 Ne4 7. Nxe4 dxe4 8. Qc2
c5 9. O-O-O Nd7 10. Qxe4 cxd4 11. exd4 Nf6 12. Qf3 Bd7 13. Qxb7 Rc8 14. Kb1 Ba4
15. Rc1 Bc6 16. Qxa7 Ne4 17. Nf3 g5 18. d5 Bc5 19. Bxg5 f6 20. Qa6 fxg5 21. dxc6
g4 22. Ne5 Qd4 23. Nd7 Bxa3 24. Qxa3 Nd2+ 25. Ka2 Ra8 26. Nxf8 Rxa3+ 27. bxa3
Qb6 28. Ka1 Qb3 29. Rg1 Qxa3# 0-1

[Event "European Hybrid Qual 2021"]
[Site "Tornelo INT"]
[Date "2021.05.24"]
[Round "1.1"]
[White "Van den Doel, Erik"]
[Black "Caspi, Israel"]
[Result "0-1"]
[WhiteTitle "GM"]
[BlackTitle "IM"]
[WhiteElo "2601"]
[BlackElo "2492"]
[WhiteFideId "1003720"]
[BlackFideId "2807394"]
[EventDate "2021.05.24"]
[EventType "k.o."]

1. d4 Nf6 2. Nf3 d5 3. c4 e6 4. Nc3 a6 5. c5 b6 6. cxb6 cxb6 7. Bg5 Bb7 8. e3
Nbd7 9. Bd3 h6 10. Bh4 Bd6 11. O-O O-O 12. Qb3 b5 13. a4 b4 14. Ne2 a5 15. Rfc1
Qb6 16. Bb5 Rfc8 17. Qd3 Bc6 18. Rxc6 Rxc6 19. Bxf6 Nxf6 20. Bxc6 Qxc6 21. Nc1
Nd7 22. Qd1 Nb6 23. Nd3 Rc8 24. Nd2 Qc2 25. Nb3 Qxd1+ 26. Rxd1 Rc2 27. Ra1 Nc4
28. Rc1 Rxc1+ 29. Nbxc1 f6 30. b3 Nb6 31. Nc5 Bxc5 32. dxc5 Nc8 33. Ne2 e5 34.
Ng3 Kf7 35. Nf5 h5 36. f4 g6 37. Nh4 Ne7 38. fxe5 fxe5 39. Nf3 Kf6 40. Kf2 Ke6
41. Ng5+ Kf6 42. h4 e4 43. g3 Ke5 44. Nf7+ Ke6 45. Nd6 Kd7 46. Nb7 Nc6 47. g4
hxg4 48. Kg3 Kc7 49. Nd6 Ne5 50. Kf4 Nd3+ 51. Kxg4 Nxc5 52. Nb5+ Kd7 53. Kg5
Nxb3 54. Kxg6 d4 55. h5 dxe3 56. h6 e2 57. h7 e1=Q 58. h8=Q Qg3+ 59. Kf5 Qf2+
60. Kxe4 Nc5+ 61. Kd5 Qf5+ 62. Kc4 Qc2+ 63. Kd5 Qf5+ 64. Kc4 Qc2+ 65. Kd5 Ne6
66. Qh3 Qd2+ 67. Ke4 Qe2+ 68. Kd5 Qd1+ 69. Ke5 Qe1+ 70. Kd5 Qd2+ 71. Ke4 Qf4+
72. Kd5 Qg5+ 73. Ke4 Qg6+ 74. Kd5 Ke7 75. Qh4+ Kd7 76. Qf2 Qg5+ 77. Kc4 Qg4+ 78.
Kb3 Qd1+ 79. Kb2 Kc6 80. Qe3 Qd5 81. Na7+ Kd7 82. Nb5 Nc5 83. Qh3+ Qe6 84. Qh7+
Qe7 85. Qf5+ Kc6 86. Qg6+ Kb7 87. Nd6+ Kb8 88. Qg8+ Kc7 89. Nb5+ Kb7 90. Qg2+
Kb6 91. Qg6+ Qe6 92. Qg1 Qe5+ 93. Kb1 Qe4+ 94. Ka1 Qc2 95. Nd4 Qxa4+ 96. Kb1 Qe8
97. Nb3 Qe4+ 98. Ka1 Qe5+ 99. Kb1 Qf5+ 100. Kb2 a4 101. Nxc5 Qxc5 102. Qg6+ Ka5
103. Qd3 a3+ 104. Kb3 Qg5 105. Qe4 Qg3+ 106. Kc2 Qc3+ 107. Kd1 Ka4 108. Qd5 Qc7
109. Qa8+ Kb3 110. Qd5+ Qc4 111. Qf3+ Qc3 112. Qd5+ Kb2 113. Qg2+ Ka1 114. Qf1
a2 0-1

[Event "European Hybrid Qual 2021"]
[Site "Tornelo INT"]
[Date "2021.05.25"]
[Round "1.2"]
[White "Caspi, Israel"]
[Black "Van den Doel, Erik"]
[Result "0-1"]
[WhiteTitle "IM"]
[BlackTitle "GM"]
[WhiteElo "2492"]
[BlackElo "2601"]
[WhiteFideId "2807394"]
[BlackFideId "1003720"]
[EventDate "2021.05.24"]
[EventType "k.o."]

1. e4 c5 2. Nf3 d6 3. d4 cxd4 4. Nxd4 Nf6 5. Nc3 a6 6. f3 e6 7. Be3 h5 8. Bc4
Qc7 9. Qe2 b5 10. Bb3 Nbd7 11. a4 b4 12. Na2 e5 13. Nf5 g6 14. Ng3 Nc5 15. Bxc5
Qxc5 16. Qc4 Qxc4 17. Bxc4 Rb8 18. O-O-O h4 19. Ne2 h3 20. g3 Nd7 21. b3 Nc5 22.
Rhe1 Be7 23. Kb2 f5 24. exf5 gxf5 25. a5 Rh6 26. c3 bxc3+ 27. Nexc3 Bd8 28. b4
Bxa5 29. Nd5 Bd8 30. f4 Nd7 31. Nac3 Kf8 32. Rf1 e4 33. Kc2 a5 34. b5 Rg6 35.
Ne3 Nb6 36. Bd5 Nxd5 37. Nexd5 Bd7 38. Rb1 Kf7 39. b6 Bc6 40. Rb2 Rb7 41. Ra1 a4
42. Nb4 Rxb6 43. Nxa4 Bxa4+ 44. Rxa4 Bf6 45. Rb1 Rg8 46. Ra7+ Ke6 47. Na6 Rc6+
48. Kd1 Rgc8 49. Rh7 Rxa6 0-1

[Event "European Hybrid Qual 2021"]
[Site "Tornelo INT"]
[Date "2021.05.25"]
[Round "1.3"]
[White "Caspi, Israel"]
[Black "Van den Doel, Erik"]
[Result "1-0"]
[WhiteTitle "IM"]
[BlackTitle "GM"]
[WhiteElo "2492"]
[BlackElo "2601"]
[WhiteFideId "2807394"]
[BlackFideId "1003720"]
[EventDate "2021.05.24"]
[EventType "k.o."]

1. e4 c5 2. Nf3 d6 3. d4 cxd4 4. Nxd4 Nf6 5. f3 e6 6. c4 Be7 7. Nc3 O-O 8. Be3
a6 9. Be2 Nbd7 10. O-O Qc7 11. Qd2 b6 12. Rac1 Bb7 13. Rfd1 Rac8 14. Bf1 Rfe8
15. Qf2 Qb8 16. Kh1 Bd8 17. Qg1 Kh8 18. b4 Ne5 19. Na4 Nfd7 20. Nb3 Ba8 21. c5
b5 22. Nc3 Be7 23. cxd6 Bxd6 24. Ba7 Qc7 25. Nxb5 axb5 26. Rxc7 Bxc7 27. f4 Bxe4
28. fxe5 Nxe5 29. Bxb5 Red8 30. Nd2 Bc2 31. Rc1 Rxd2 32. Be3 Rd5 33. Ba6 Ra8 34.
Rxc2 Rxa6 35. Rxc7 h5 36. h3 Rd8 37. Bd4 Nd3 38. Qe3 e5 39. Qxd3 exd4 40. Qxa6 1-0

[Event "European Hybrid Qual 2021"]
[Site "Tornelo INT"]
[Date "2021.05.25"]
[Round "1.4"]
[White "Van den Doel, Erik"]
[Black "Caspi, Israel"]
[Result "1/2-1/2"]
[WhiteTitle "GM"]
[BlackTitle "IM"]
[WhiteElo "2601"]
[BlackElo "2492"]
[WhiteFideId "1003720"]
[BlackFideId "2807394"]
[EventDate "2021.05.24"]
[EventType "k.o."]

1. d4 Nf6 2. Nf3 d5 3. c4 e6 4. g3 Be7 5. Bg2 O-O 6. O-O dxc4 7. Qa4 b6 8. Qxc4
Bb7 9. Nc3 Nbd7 10. Bf4 Rc8 11. Rad1 c5 12. dxc5 Rxc5 13. Qa4 Ra5 14. Qb3 Qa8
15. Ne1 Bxg2 16. Nxg2 Rc8 17. Bd6 Bxd6 18. Rxd6 Nc5 19. Qb4 Nfe4 20. Nxe4 Nxe4
21. Rd4 Nf6 22. Rfd1 Rd5 23. Ne3 Rxd4 24. Qxd4 h6 25. f3 Qc6 26. Kf2 Qc5 27. b3
Qxd4 28. Rxd4 Kf8 29. Nc4 Ke7 30. Ne5 Rc5 31. f4 Nd5 32. Rd2 f6 33. Nd3 Ra5 34.
Rc2 Kd6 35. e4 Ne7 36. Ke3 Nc6 37. Rd2 Ke7 38. Rc2 Kd6 39. Rd2 Ke7 40. Rc2 Kd6 1/2-1/2

[Event "European Hybrid Qual 2021"]
[Site "Tornelo INT"]
[Date "2021.05.24"]
[Round "1.1"]
[White "Savchenko, Boris"]
[Black "Krastev, Alexander"]
[Result "1-0"]
[WhiteTitle "GM"]
[BlackTitle "FM"]
[WhiteElo "2538"]
[BlackElo "2340"]
[WhiteFideId "4147332"]
[BlackFideId "12989983"]
[EventDate "2021.05.24"]
[EventType "k.o."]

1. Nf3 c5 2. c4 Nf6 3. Nc3 b6 4. e4 d6 5. d4 cxd4 6. Nxd4 Bb7 7. f3 e6 8. Be3
Be7 9. Qd2 a6 10. g4 Nc6 11. O-O-O Qc7 12. Kb1 Ne5 13. Rc1 O-O 14. g5 Nxf3 15.
Nxf3 Nxe4 16. Qd1 b5 17. Nxe4 Bxe4+ 18. Bd3 Qb7 19. Rf1 bxc4 20. Rxc4 Rab8 21.
b3 Bd5 22. Ra4 e5 23. Nd2 g6 24. Rxa6 Qb4 25. Ra7 Rfe8 26. Qc2 Be6 27. Ne4 d5
28. Rxe7 dxe4 29. Rxe8+ Rxe8 30. Be2 Rc8 31. Qd2 Rc3 32. Rc1 Rxb3+ 33. axb3
Qxb3+ 34. Qb2 Qxe3 35. Qb8+ Kg7 36. Qxe5+ Kg8 37. Qb8+ Kg7 38. Qb2+ Kg8 39. h4 1-0

[Event "European Hybrid Qual 2021"]
[Site "Tornelo INT"]
[Date "2021.05.25"]
[Round "1.2"]
[White "Krastev, Alexander"]
[Black "Savchenko, Boris"]
[Result "1/2-1/2"]
[WhiteTitle "FM"]
[BlackTitle "GM"]
[WhiteElo "2340"]
[BlackElo "2538"]
[WhiteFideId "12989983"]
[BlackFideId "4147332"]
[EventDate "2021.05.24"]
[EventType "k.o."]

1. e4 c5 2. Nf3 d6 3. d4 cxd4 4. Nxd4 Nf6 5. Nc3 a6 6. Bg5 Nbd7 7. a4 Qa5 8. Qd2
h6 9. Be3 Nc5 10. Bc4 e6 11. f3 Bd7 12. O-O Rc8 13. Rfb1 Qc7 14. Bf1 e5 15. Nde2
Be7 16. Ng3 O-O 17. b4 Nd3 18. Nd1 Nf4 19. c4 g5 20. Nc3 Kh7 21. Rc1 Rg8 22. Nf5
Bxf5 23. exf5 Qd7 24. Bxf4 exf4 25. Re1 d5 26. Nxd5 Nxd5 27. cxd5 Bf6 28. Rac1
Rxc1 29. Rxc1 Rd8 30. Rd1 Qxa4 31. d6 Qc6 32. d7 Kg7 33. Kh1 b5 34. Qd3 Kf8 35.
g3 Ke7 36. Re1+ Kf8 37. Rd1 Ke7 38. Re1+ Kf8 39. Rd1 1/2-1/2